Science Quiz

Random Science or Numbers Quiz

Lanthanide Elements Quiz Stats

 Plays Quiz Updated Apr 3, 2020

     
Support Sporcle.
Go Orange.
Score 0/15 Timer 04:00
0 Plays Today
% Correct
lanthanum
92.4%
europium
79%
cerium
76.4%
erbium
76.1%
ytterbium
75.5%
neodymium
74.7%
promethium
73.1%
terbium
72.3%
% Correct
praseodymium
72.2%
samarium
72.1%
lutetium
69.4%
holmium
67.7%
gadolinium
67%
dysprosium
65.9%
thulium
62.5%

From the Vault

50 Largest US Cities Minefield

by darinh

Geography 15m
Maybe play a little minesweeper beforehand to get yourself prepared.
Remove Ads.
Support Sporcle.
Get the best of Sporcle when you Go Orange. This ad-free experience offers more features, more stats, and more fun while also helping to support Sporcle. Thank you for becoming a member.

Show Comments

Extras

Top Quizzes Today


Score Distribution

Your Account Isn't Verified!

In order to create a playlist on Sporcle, you need to verify the email address you used during registration. Go to your Sporcle Settings to finish the process.

Report this User

Report this user for behavior that violates our Community Guidelines.

Details: